| Tag |
First Indicator |
Second Indicator |
Subfields |
| LEADER |
00000cam a2200000Ia 4500 |
| 001 |
in00002016258 |
| 005 |
20151031160337.0 |
| 008 |
810723s1950 mau b 000 0 eng d |
| 035 |
|
|
|a (OCoLC)ocm07607587
|
| 040 |
|
|
|a IQU
|c IQU
|d OCLCQ
|d TXA
|d UtOrBLW
|
| 049 |
|
|
|a TXAM
|
| 090 |
|
|
|a ML100
|b .A64 1950
|
| 100 |
1 |
|
|a Apel, Willi,
|d 1893-1988.
|
| 245 |
1 |
0 |
|a Harvard dictionary of music /
|c by Willi Apel.
|
| 264 |
|
1 |
|a Cambridge, Mass. :
|b Harvard University Press,
|c 1950.
|
| 300 |
|
|
|a x, 833 pages :
|b illustrations ;
|c 24 cm.
|
| 336 |
|
|
|a text
|b txt
|2 rdacontent
|
| 337 |
|
|
|a unmediated
|b n
|2 rdamedia
|
| 338 |
|
|
|a volume
|b nc
|2 rdacarrier
|
| 504 |
|
|
|a Includes bibliographies.
|
| 536 |
|
|
|a From the Howard Mayer Brown, Edward Downes and Mary Schieffelin book collections, October 2004.
|
| 650 |
|
0 |
|a Music
|v Dictionaries.
|
| 948 |
|
|
|a cataloged
|b h
|c 2005/1/6
|d c
|e mphillip
|f 5:19:11 pm
|
| 994 |
|
|
|a E0
|b TXA
|
| 999 |
|
|
|a MARS
|
| 999 |
f |
f |
|s 9eaff2bc-18e9-305f-b6ef-355dbf2a7d28
|i 52e4c1e8-12d9-3b84-947e-ada84ae38efd
|t 0
|
| 952 |
f |
f |
|p ric
|a Texas A&M University
|b Rellis Campus
|c Joint Library Facility
|d Remote Storage
|t 0
|e ML100 .A64 1950
|h Library of Congress classification
|i unmediated -- volume
|m A14831672976
|
| 998 |
f |
f |
|a ML100 .A64 1950
|t 0
|l Remote Storage
|